| 000 | 00392nam a2200157Ia 4500 | ||
|---|---|---|---|
| 008 | 210716s2004 xx 000 0 und d | ||
| 020 | _a8178881543 | ||
| 041 | _aeng | ||
| 082 | _a574.80285 KUPC | ||
| 100 | _aKuppuswamy, C. | ||
| 245 | _aBioinformatics. | ||
| 250 | _a1 | ||
| 260 |
_aNew Delhi _bDominant Publications and Distributors _c2004 |
||
| 300 | _a271 | ||
| 650 | _aBioinformatics | ||
| 999 |
_c187169 _d187169 |
||